Classifica Marcatori Cesena All-Time - Statistics

Statistiche generali
  • Questo quiz è stato fatto 13 volte
  • Il punteggio medio è 4 su 10
Statistiche sulle risposte
Gol Nazione Calciatore % Corretto
83 Italia Dario Hübner
91%
73 Italia Massimo Agostini
64%
47 Italia Emiliano Salvetti
55%
29 Italia Marco Bernacci
55%
31 Italia Camillo Ciano
36%
28 Italia Mattia Bortolussi
27%
31 Italia Oliviero Garlini
18%
31 Italia Simone Cavalli
18%
29 Italia Carlo Taldo
9%
28 Italia Emanuele Chiaretti
0%
Nessun quiz corrispondente trovato
Distribuzione punteggi
Percentuale di utenti per punteggio
Percentile per numero di risposta
I tuoi punteggi nel tempo
Non hai fatto questo quiz